000 01265nam a22001697a 4500
020 _a966-7400-30-7
041 _aukr
080 _a81
090 _bФАБ
100 _aФабіан М.П.
245 _aСучасні дослідження з іноземної філології. Збірник наукових статей.
260 _aУжгород
_bЛіра
_c2003
300 _a362
520 _aЗбірник містить науковий доробок викладачів та аспірантів Ужгородського національного унуверситету, інших вузів України, Словаччини, Угорщини, Румунії, Австралії. У наукових збірниках представлено сучасні дослідження з іноземної філології в галузях мовознавства, літературознавства і методики викладання англійської, німецької та французької мов у середніх та вищих навчальних закладах.
_0мовознавство, літературознавство, методика
650 _aLanguage Studies
999 _c284354
_d284354
942 _cBK